000
00284nam a2200109Ia 4500
008
241014s9999||||xx |||||||||||||| ||und||
020
_a
81-219-1508-2
100
_a
Ghosh Jayashree
245
2
_a
A T/b of Pharmacetical Chemistry
260
_b
S.Chand&Company Ltd
_c
2010
942
_b
DCOP
_c
BK
999
_c
3570
_d
3570